Una antorcha para honrar al maestro / (Record no. 58920)
[ view plain ]
| 000 -CABECERA | |
|---|---|
| campo de control de longitud fija | 01461nab a2200265 a 4500 |
| 003 - IDENTIFICADOR DEL NÚMERO DE CONTROL | |
| campo de control | DO-SdBNP |
| 005 - FECHA Y HORA DE LA ÚLTIMA TRANSACCIÓN | |
| campo de control | 20260321073646.0 |
| 007 - CAMPO FIJO DE DESCRIPCIÓN FÍSICA--INFORMACIÓN GENERAL | |
| campo de control de longitud fija | ta |
| 008 - DATOS DE LONGITUD FIJA--INFORMACIÓN GENERAL | |
| campo de control de longitud fija | 250502e2009 dr m||p|r||||||0| z spa d |
| 040 ## - FUENTE DE LA CATALOGACIÓN | |
| Centro catalogador/agencia de origen | DO-SdBNP |
| Lengua de catalogación | spa |
| Centro/agencia transcriptor | BNPHU |
| Normas de descripción | rda |
| 041 ## - CÓDIGO DE LENGUA | |
| Código de lengua original | spa |
| 100 1# - ENTRADA PRINCIPAL--NOMBRE DE PERSONA | |
| Nombre de persona | Mota García, Fausto, |
| Fechas asociadas al nombre | 1955- |
| 9 (RLIN) | 31957 |
| Término indicativo de función/relación | director |
| 245 ## - MENCIÓN DE TÍTULO | |
| Título | Una antorcha para honrar al maestro / |
| Mención de responsabilidad, etc. | Fausto Mota García. |
| 264 ## - PRODUCCIÓN, PUBLICACIÓN, DISTRIBUCIÓN, FABRICACIÓN Y COPYRIGHT | |
| Producción, publicación, distribución, fabricación y copyright | Santo Domingo, República Dominicana : |
| Nombre del de productor, editor, distribuidor, fabricante | Instituto Nacional de Formación y Capacitación del Magisterio, (INAFOCAM), |
| Fecha de producción, publicación, distribución, fabricación o copyright | 2009. |
| 300 ## - DESCRIPCIÓN FÍSICA | |
| Extensión | página, 3. |
| 310 ## - PERIODICIDAD ACTUAL | |
| Periodicidad actual | Mensual. |
| 336 ## - TIPO DE CONTENIDO | |
| Término de tipo de contenido | texto |
| Código de tipo de contenido | txt |
| Fuente | rdacontent |
| 337 ## - TIPO DE MEDIO | |
| Nombre/término del tipo de medio | sin mediación |
| Código del tipo de medio | n |
| Fuente | rdamedia |
| 338 ## - TIPO DE SOPORTE | |
| Nombre/término del tipo de soporte | volumen |
| Código del tipo de soporte | nc |
| Fuente | rdacarrier |
| 362 ## - FECHAS DE PUBLICACIÓN Y/O DESIGNACIÓN SECUENCIAL | |
| Fecha de publicación y/o designación secuencial | Año 1, No. 1, junio-julio 2009. |
| 520 ## - SUMARIO, ETC. | |
| Sumario, etc. | Una antorcha es una tea para alumbrar, que sirve de guía... como la antorcha olímpica que nació en Grecia, como la antorcha de la sabiduría levantada por el apóstol cubano José Martí, de la que dijo que "cada hombre debía serlo para los demás: antorcha que arda en el apasionamiento por un ideal; antorcha guía que encamine a los pueblos hacia rutas de bienestar común, antorcha que sirva, a su vez, para encender otros fuegos, inmortalizándose en generaciones de flamas". |
| 600 10 - PUNTO DE ACCESO ADICIONAL DE MATERIA--NOMBRE DE PERSONA | |
| Nombre de persona | Bosch, Juan, |
| Fechas asociadas al nombre | 1909-2001 |
| Subdivisión de forma | Publicaciones periódicas |
| Subdivisión general | Maestro |
| Subdivisión geográfica | República Dominicana |
| 9 (RLIN) | 76555 |
| 773 0# - ENLACE AL DOCUMENTO FUENTE/ENTRADA DE REGISTRO ANFITRIÓN | |
| Número bibliográfico anfitrión | 58880 |
| Número de ítem anfitrión | 323553 |
| Otro identificador del documento | 2025-3870 |
| Título | Antorcha educativa / |
| Número de control del registro | (DR-UNIBE)49574 |
| 942 ## - ELEMENTOS DE PUNTO DE ACCESO ADICIONAL (KOHA) | |
| Fuente del sistema de clasificación o colocación | Dewey Decimal Classification |
| Tipo de ítem Koha | Publicación periódica |
No items available.
